BSOP header

He taught : (Record no. 12800)

MARC details
000 -LEADER
fixed length control field 00705nam a2200193 4500
008 - FIXED-LENGTH DATA ELEMENTS--GENERAL INFORMATION
fixed length control field 020904s1996 us eng
020 ## - INTERNATIONAL STANDARD BOOK NUMBER
International Standard Book Number 81854080014
090 #0 - LOCALLY ASSIGNED LC-TYPE CALL NUMBER (OCLC); LOCAL CALL NUMBER (OCLC)
Classification number (OCLC) (R) ; Classification number, CALL (RLIN) (NR) BX4045
Local cutter number (OCLC) ; Book number/undivided call number, CALL (RLIN) H34
245 10 - TITLE STATEMENT
Title He taught :
Remainder of title a festschrift in honour of Sylvanus Sngi Lyngdoh, SDB /
Statement of responsibility, etc edited by Goerge Kottuppallil and Jose Varicksseril.
260 ## - PUBLICATION, DISTRIBUTION, ETC. (IMPRINT)
Place of publication, distribution, etc Shillong :
Name of publisher, distributor, etc Vendrame Institute,
Date of publication, distribution, etc c1996.
300 ## - PHYSICAL DESCRIPTION
Extent 424 p.
600 14 - SUBJECT ADDED ENTRY--PERSONAL NAME
Personal name Lyngdoh, Sylvanus Sngi, 1921-
General subdivision Addresses, essays, lectures.
651 #4 - SUBJECT ADDED ENTRY--GEOGRAPHIC NAME
Geographic name Salesian Society
Geographic subdivision India.
651 #4 - SUBJECT ADDED ENTRY--GEOGRAPHIC NAME
Geographic name Theology, Doctrinal
Geographic subdivision India.
700 1# - ADDED ENTRY--PERSONAL NAME
Personal name Kottuppallil, Goerge
700 1# - ADDED ENTRY--PERSONAL NAME
Personal name Varicksseril, Jose
950 0# - LOCAL HOLDINGS (RLIN)
-- 5.00
951 ## - EQUIVALENCE OR CROSS-REFERENCE-GEOGRAPHIC NAME/AREA NAME [OBSOLETE] [CAN/MARC only]
-- 21266
-- BX4045/H34
-- 070613111143218
-- 2000-12-21
-- GC
Holdings
Withdrawn status Lost status Damaged status Not for loan Home library Current library Shelving location Date acquired Accession number Shelving control number Total Checkouts Full call number Date last seen Price effective from Koha item type
        BSOP Library BSOP Library GC 12/21/2000 21266 127   BX4045/H34 02/23/2013 02/23/2013 Books
BSOP

Biblical Seminary of the Philippines
  All rights Reserved
  © 2024

CONTACT INFORMATION

Biblical Seminary of the Philippines,
  77-B Karuhatan Road, Valenzuela City,
  PHILIPPINES 1441
  Phone: +632 8292-6795 / 8292-6798
  Fax : +632 8292-6675
  Email: library@bsop.edu.ph